|
|
|
|
| LEADER |
00000cam a2200000 7i4500 |
| 001 |
0000005105 |
| 002 |
000005514 |
| 005 |
20000330.0 |
| 020 |
|
|
|a 9971404699
|
| 090 |
0 |
0 |
|a 658.848
|b DNB
|
| 100 |
0 |
|
|a D.N.B.Singh
|
| 245 |
1 |
4 |
|a The export business
|c D.N.B Singh ; illustrated by Pasha Suryawanshi
|
| 260 |
|
|
|a Singapore :
|b Federal Publications ,
|c 1987
|
| 300 |
|
|
|a 133p. :
|b ill. ;
|c 19cm.
|
| 490 |
0 |
|
|a A Guide To
|
| 650 |
0 |
0 |
|a Export marketing
|
| 650 |
0 |
0 |
|a International trade
|
| 700 |
1 |
|
|a Pasha Suryawanshi ,
|e illustrated
|
| 999 |
|
|
|a 020977
|b BUKU
|c PINJAMAN
|e PERPUSTAKAAN KOMUNITI PETALING JAYA
|